00581cam a22002051 4500001001300000003000400013005001700017008004100034010001700075035002000092040003700112042001200149050002000161100003200181245006700213260003000280300001800310700003200328999001500360af 48002672 DLC20260227110856.0890405s1943 be 000 1 dut c aaf 48002672  a(OCoLC)19500403 aCalifornia. Univ. Libr.cCUdDLC apremarc00aPT2638.O73bP541 aScholz, Wilhelm von,d1874-10aPlicht,bnovelle.c[Nederlandsche vertaling van Henri Bruning] aBrussel,bMeddensc[1943] a48 p.c19 cm.1 aBruning, Henri,d1900-etr. c5148d5148